Regeneration good practice (Record no. 67965)
[ view plain ]
| 000 -LEADER | |
|---|---|
| fixed length control field | 00853cam a2200217 4500 |
| 001 - CONTROL NUMBER | |
| control field | WB3731-42 |
| 008 - FIXED-LENGTH DATA ELEMENTS--GENERAL INFORMATION | |
| fixed length control field | 010808n2001 000 0 eng u |
| 035 ## - SYSTEM CONTROL NUMBER | |
| System control number | (Sirsi) u114030 |
| 245 ## - TITLE STATEMENT | |
| Title | Regeneration good practice |
| 260 ## - PUBLICATION, DISTRIBUTION, ETC. | |
| Date of publication, distribution, etc. | 2001 |
| 490 ## - SERIES STATEMENT | |
| Series statement | Urban Environment Today |
| Volume/sequential designation | (127) 2 August 2001, 1 (1) |
| 520 ## - SUMMARY, ETC. | |
| Summary, etc. | The Neighbourhood Renewal Unit is publishing a strategy for local strategic partnerships to share good practice amongst regeneration agencies in their areas. The strategy would require civil servants at national and regional level to make good practice widely available. |
| 590 ## - LOCAL NOTE (RLIN) | |
| Local note | WB |
| 650 ## - SUBJECT ADDED ENTRY--TOPICAL TERM | |
| Topical term or geographic name entry element | LOCAL STRATEGIC PARTNERSHIPS |
| 650 ## - SUBJECT ADDED ENTRY--TOPICAL TERM | |
| Topical term or geographic name entry element | REGENERATION AGENCIES |
| 650 ## - SUBJECT ADDED ENTRY--TOPICAL TERM | |
| Topical term or geographic name entry element | SOCIAL EXCLUSION UNIT |
| 650 ## - SUBJECT ADDED ENTRY--TOPICAL TERM | |
| Topical term or geographic name entry element | BRITISH URBAN REGENERATION ASSOCIATION |
| 650 ## - SUBJECT ADDED ENTRY--TOPICAL TERM | |
| Topical term or geographic name entry element | BEST PRACTICE |
| 690 ## - LOCAL SUBJECT ADDED ENTRY--TOPICAL TERM (OCLC, RLIN) | |
| Topical term or geographic name as entry element | REGENERATION |
| 942 ## - ADDED ENTRY ELEMENTS (KOHA) | |
| Suppress in OPAC | 0 |
| Withdrawn status | Lost status | Source of classification or shelving scheme | Damaged status | Not for loan | Home library | Current library | Shelving location | Date acquired | Total Checkouts | Full call number | Barcode | Date last seen | Copy number | Price effective from | Koha item type |
|---|---|---|---|---|---|---|---|---|---|---|---|---|---|---|---|
| Dewey Decimal Classification | London | London | News article | 08/08/2001 | WB3731-42 | 114030-1001 | 06/08/2019 | 1 | 06/08/2019 | News article |